00842nam a2200169Ia 4500008004100000020003700041050002000078100003000098245007700128250001100205260002200216300001700238440003800255500006000293505027100353650004800624121028s9999 xx 000 0 und d a978-970-613-723-4 \970-613-723-8 aKZ3510 P47 2003 aPEREZNIETO CASTRO, Leonel aDerecho internacional privado : parte general / Leonel Pereznieto Castro a8a ed. aMéxico : Oxford axxiv, 767 p. aTextos jurídicos universitarios aIncluye índices y glosario Bibliografía: p. 735-758 aPrólogo Introducción PARTE I. DERECHO DE LA NACIONALIDAD Y CONDICIÓN JURïDICA DE LOS EXTRANJEROS 1. Introducción al derecho internacional privado 2. Derecho de la nacionalidad y la nacionalidad mexicana 3. La condición jurídica del extranjero en Méxi aDerecho Internacional Privado - MéxicoÌ